NATURAL PRODUCTOS CHEMISTRY
| Main Author: | |
|---|---|
| Format: | Section = Libro |
| Language: | Undetermined Spanish |
| Published: |
NEW YORK
[s.e]
1974
|
| Subjects: |
| LEADER | 00471nam a2200181Ia 4500 | ||
|---|---|---|---|
| 008 | 240830s9999 xx 000 0 und d | ||
| 040 | |a CEDOC FIQ-RUSB / 547 N163 | ||
| 041 | |a spa | ||
| 082 | |a 547 N163 | ||
| 100 | 1 | |a Nakanishi, Koji | |
| 245 | 1 | 0 | |a NATURAL PRODUCTOS CHEMISTRY |
| 260 | |a NEW YORK |b [s.e] |c 1974 | ||
| 300 | |a 562 p. :il. | ||
| 650 | 7 | |a QUÍMICA ORGÁNICA | |
| 650 | 7 | |b CLASIFICACIÓN DE PRODUCTOS NATURALE S | |
| 942 | |c BK |2 ddc | ||
| 991 | |a TEXTO | ||
| 999 | |c 13980 | ||